000 00704cam a2200157 4500500
005 20260111090138.0
041 _afre
042 _adc
100 1 0 _aBureau, Étienne
_eauthor
245 0 0 _aDenis Moreau Tous hérétiques ? Sur l’actualité de quelques débats chrétiens. Seuil, 2025, 336 pages, 23 €.
260 _c2025.
500 _a98
520 _aLa fondation Louis-Vuitton, à Paris, propose une rétrospective de l’œuvre de Gerhard Richter, un panorama complet couvrant soixante ans de création artistique.
786 0 _nÉtudes | - | 13 | 2025-12-30 | p. 137-138 | 0014-1941
856 4 1 _uhttps://shs.cairn.info/revue-etudes-2025-13-page-137?lang=fr&redirect-ssocas=7080
999 _c1618534
_d1618534